000 01007nam a2200181 4500
008 170519b xxu||||| |||| 00| 0 eng d
020 _a0-07-062284-1
082 _21974
_aDC 345.7306
_bSt9
100 _920917
_aStuckey, Gilbert B.
245 _aEvidence for the law enforcement officer /
_cGilbert B. Stuckey.
250 _aSecond Edition
260 _aNew York :
_bMcGraw-Hill,
_c©1974.
300 _axi, 397 pages :
_billustrations ;
_c23 cm.
500 _aIncludes index.
505 _aTrial procedure -- Evidence - rules and kinds -- Witnesses - competency and privileged communications -- Witnesses - lay and expert -- Credibility and impeachment -- The hearsay rule - its exceptions -- Confessions and admissions -- Physical evidence -- Circumstantial evidence -- Documentary evidence and the right of discovery -- Photographic evidence -- The exclusionary rule - searches and seizures -- How to testify effectively.
650 0 _920918
_aEvidence, Criminal -- United States.
942 _2ddc
_cDC
999 _c6906
_d6906